God in me; (Record no. 5190)
[ view plain ]
| 000 -LEADER | |
|---|---|
| fixed length control field | 00770cam a22002411 4500 |
| 001 - CONTROL NUMBER | |
| control field | 10294849 |
| 003 - CONTROL NUMBER IDENTIFIER | |
| control field | GBCCL |
| 005 - DATE AND TIME OF LATEST TRANSACTION | |
| control field | 20241126110535.0 |
| 008 - FIXED-LENGTH DATA ELEMENTS--GENERAL INFORMATION | |
| fixed length control field | 760214s1959 maua 000 0 eng |
| 010 ## - | |
| -- | 59041032 |
| 035 ## - SYSTEM CONTROL NUMBER | |
| System control number | (OCoLC)1990783 |
| 040 ## - CATALOGING SOURCE | |
| Original cataloging agency | DLC |
| Transcribing agency | CtFaU |
| Modifying agency | DLC |
| 042 ## - | |
| -- | premarc |
| 050 00 - | |
| -- | BT769 |
| -- | .S86 |
| 082 ## - DEWEY DECIMAL CLASSIFICATION NUMBER | |
| Classification number | 234.1 |
| Item number | SWI |
| 100 1# - MAIN ENTRY--PERSONAL NAME | |
| Personal name | Swizdor, Matthew. |
| 9 (RLIN) | 9345 |
| 245 10 - TITLE STATEMENT | |
| Title | God in me; |
| Remainder of title | a popular explanation of sanctifying grace or the mystery of God's life in us. |
| Statement of responsibility, etc. | Pref. by Lawrence J. Shehan. Illustrated by Kay B. Leitten. |
| 260 ## - PUBLICATION, DISTRIBUTION, ETC. | |
| Place of publication, distribution, etc. | Granby, Mass., |
| Name of publisher, distributor, etc. | Franciscan Fathers |
| Date of publication, distribution, etc. | [1959] |
| 300 ## - PHYSICAL DESCRIPTION | |
| Extent | 149 p. |
| Other physical details | illus. |
| Dimensions | 23 cm. |
| 650 #0 - SUBJECT ADDED ENTRY--TOPICAL TERM | |
| Topical term or geographic name entry element | Mystical union. |
| 9 (RLIN) | 8822 |
| 906 ## - LOCAL DATA ELEMENT F, LDF (RLIN) | |
| a | 7 |
| b | cbc |
| c | oclcrpl |
| d | u |
| e | ncip |
| f | 19 |
| g | y-gencatlg |
| 942 ## - ADDED ENTRY ELEMENTS (KOHA) | |
| Source of classification or shelving scheme | Dewey Decimal Classification |
| Koha item type | Books |
| Withdrawn status | Lost status | Source of classification or shelving scheme | Damaged status | Not for loan | Home library | Current Library | Shelving location | Date acquired | Total checkouts | Full call number | Barcode | Date last seen | Copy number | Price effective from | Koha item type |
|---|---|---|---|---|---|---|---|---|---|---|---|---|---|---|---|
| Dewey Decimal Classification | GRACE BIBLE COLLEGE | GRACE BIBLE COLLEGE | Theology | 2018-03-02 | 234.1 SWI | 000627 | 2025-05-01 | c.1 | 2018-03-02 | Books |